High-return, low-risk investment using stock selection and market timing

Na minha lista:
Detalhes bibliográficos
Autor principal: Herzfeld, Thomas J.
Outros Autores: Drach, Robert F.
Formato: Livro
Idioma:inglês
Publicado em: New York McGraw-Hill, Inc. 1993
Edição:2. ed.
Assuntos:
Tags: Adicionar Tag
Sem tags, seja o primeiro a adicionar uma tag!

MARC

LEADER 00000nam a2200000 4500
001 c100976
005 20221123112433.9
020 |a 0-07-028449-0 
041 0 |a eng 
044 |a US 
245 1 0 |a High-return, low-risk investment  |b using stock selection and market timing  |c Thomas J. Herzfeld, Robert F. Drach 
250 |a 2. ed. 
264 1 |a New York  |b McGraw-Hill, Inc.  |c 1993 
300 |a 325 s. 
610 2 0 |a burzy 
610 2 0 |a papiere cenné 
610 2 0 |a obchody burzové 
610 2 0 |a akcie 
610 2 0 |a akcionári 
610 2 0 |a dopyt 
610 2 0 |a ponuka 
610 2 0 |a investori 
610 2 0 |a ceny burzové 
610 2 0 |a trh peňažný 
100 1 |a Herzfeld, Thomas J. 
700 1 |a Drach, Robert F.